A crime of silence : (Record no. 1949)
[ view plain ]
| 000 -LEADER | |
|---|---|
| fixed length control field | 00921nam a2200241 a 4500 |
| 003 - CONTROL NUMBER IDENTIFIER | |
| control field | BD-DhJNU |
| 005 - DATE AND TIME OF LATEST TRANSACTION | |
| control field | 20250728053819.0 |
| 008 - FIXED-LENGTH DATA ELEMENTS--GENERAL INFORMATION | |
| fixed length control field | 850709s1985 enka b 000 0 eng |
| 020 ## - INTERNATIONAL STANDARD BOOK NUMBER | |
| International Standard Book Number | 0862324238 |
| 020 ## - INTERNATIONAL STANDARD BOOK NUMBER | |
| International Standard Book Number | 0862324246 |
| 040 ## - CATALOGING SOURCE | |
| Original cataloging agency | BD-DhJNU |
| Language of cataloging | ENG |
| Transcribing agency | BD-DhJNU |
| Modifying agency | BD-DhJNU |
| 082 00 - DEWEY DECIMAL CLASSIFICATION NUMBER | |
| Classification number | 956.620154 CRI |
| Edition number | 23 |
| 130 0# - MAIN ENTRY--UNIFORM TITLE | |
| Uniform title | Crime de silence. |
| Language of a work | English |
| 245 12 - TITLE STATEMENT | |
| Title | A crime of silence : |
| Remainder of title | the Armenian genocide / |
| Statement of responsibility, etc. | the Permanent Peoples' Tribunal ; preface by Pierre Vidal-Naquet ; [edited by Gerard Libaridian]. |
| 260 ## - PUBLICATION, DISTRIBUTION, ETC. | |
| Place of publication, distribution, etc. | London : |
| Name of publisher, distributor, etc. | Zed Books ; |
| Place of publication, distribution, etc. | Totowa, N.J., USA : |
| Name of publisher, distributor, etc. | US distributor, Biblio Distribution Center, |
| Date of publication, distribution, etc. | 1985. |
| 300 ## - PHYSICAL DESCRIPTION | |
| Extent | xiv, 249 p. : |
| Other physical details | ill. ; |
| Dimensions | 23 cm. |
| 500 ## - GENERAL NOTE | |
| General note | Translation with revisions of: Le Crime de silence. |
| 504 ## - BIBLIOGRAPHY, ETC. NOTE | |
| Bibliography, etc. note | Includes bibliographies. |
| 650 #0 - SUBJECT ADDED ENTRY--TOPICAL TERM | |
| Topical term or geographic name entry element | Armenian Genocide, 1915-1923 |
| Geographic subdivision | Turkey. |
| 700 1# - ADDED ENTRY--PERSONAL NAME | |
| Personal name | Libaridian, Gerard J. |
| 710 2# - ADDED ENTRY--CORPORATE NAME | |
| Corporate name or jurisdiction name as entry element | Permanent Peoples' Tribunal. |
| 942 ## - ADDED ENTRY ELEMENTS (KOHA) | |
| Koha item type | Books |
| Withdrawn status | Lost status | Source of classification or shelving scheme | Damaged status | Not for loan | Collection | Home library | Current library | Shelving location | Date acquired | Source of acquisition | Total checkouts | Full call number | Barcode | Date last seen | Copy number | Price effective from | Koha item type |
|---|---|---|---|---|---|---|---|---|---|---|---|---|---|---|---|---|---|
| Dewey Decimal Classification | Non-fiction | Jagannath University Central Library | Jagannath University Central Library | General stacks | 07/28/2025 | Purchased | 956.620154 CRI | JNUCL2846 | 07/28/2025 | 1 | 07/28/2025 | Books |